Inovácie - zdroj konkurencieschopnosti podnikov služieb v znalostnej ekonomike

Dynamizácia malých a stredných podnikov. Inovácia ako hlavný zdroj konkurencieschopnosti podnikov v období fungovania znalostnej ekonomiky. Vzťah inovácií a produktivity. Model konkurencieschopnosti destinácie cestovného ruchu.

Enregistré dans:
Détails bibliographiques
Auteur principal: Kubičková, Viera, 1970-
Format: Chapitre de livre
Langue:slovaque
Sujets:
Tags: Ajouter un tag
Pas de tags, Soyez le premier à ajouter un tag!

MARC

LEADER 00000naa a2200000 4500
001 0156471
005 20240502072731.7
041 0 |a slo 
044 |a SK 
245 1 0 |a Inovácie - zdroj konkurencieschopnosti podnikov služieb v znalostnej ekonomike  |c Viera Kubičková 
520 |a Dynamizácia malých a stredných podnikov. Inovácia ako hlavný zdroj konkurencieschopnosti podnikov v období fungovania znalostnej ekonomiky. Vzťah inovácií a produktivity. Model konkurencieschopnosti destinácie cestovného ruchu. 
610 2 0 |a ruch cestovný 
610 2 0 |a služby 
610 2 0 |a podnik malý 
610 2 0 |a podnik stredný 
610 2 0 |a konkurencieschopnosť 
610 2 0 |a inovácia 
610 2 0 |a produktivita 
100 1 |a Kubičková, Viera, 1970-